Revista de la Facultad de Ciencias Sociales y Jurd̕icas

Bibliographic Details
Corporate Author: Universidad Miguel Hernǹdez. Facultad de Ciencias Sociales y Jurd̕icas
Format: Unknown
Language:Spanish
Published: Elche : Universidad Miguel Hernǹdez, Facultad de Ciencias Sociales y jurd̕icas, 2006-
Subjects:
Online Access:Acceso restringido

MARC

LEADER 00000ny a22000003n 4500
005 2011051705165.0
008 9999 n2006 sp ar p spa u
022 |a 1886-6611 
035 |a 5001 
040 |a UMHE  |d vLex 
090 |c 2039  |d 2039 
245 0 0 |a Revista de la Facultad de Ciencias Sociales y Jurd̕icas  |h [Recurso electrn̤ico] 
256 |a Servicio en ln̕ea 
260 |a Elche :  |b Universidad Miguel Hernǹdez, Facultad de Ciencias Sociales y jurd̕icas,   |c 2006- 
310 |a Anual 
362 0 |a Vol. 1, n.1(Julio 2006)- 
506 1 |a Contenido solo disponible en los productos indicados  |d vLex Global  |d vLex Global (Academic Edition, excluding Law Schools)  |d vLex Global (U.S. Academic Edition, Law Schools)  |d vLex Global (U.S. Academic Edition, excluding Law Schools)  |d vLex Global (Academic Edition, Law Schools) 
650 0 4 |a Ciencias sociales  |x Publicaciones perid̤icas  
650 0 4 |a Derecho  |x Publicaciones perid̤icas  
710 1 |a Universidad Miguel Hernǹdez.  |b Facultad de Ciencias Sociales y Jurd̕icas 
740 0 |a vLex Revista (Servicios en ln̕ea) 
843 |a Electrn̤ica. Abierta 
853 |8 1  |i (year)  |j (month)  |k (day) 
856 4 0 |u http://vlex.com/source/5001  |z Acceso restringido 
942 |c REV 
999 0 4 |a Ciencias Jurd̕icas  |v Publicaciones Perid̤icas 
999 0 4 |a Ciencias sociales  |v Publicaciones Perid̤icas 
999 0 4 |a Revistas Electrn̤icas